ბათუმის შოთა რუსთაველის სახელმწიფო უნივერსიტეტის ბიბლიოთეკა

ორეული ; მარადი ქმარი (ბიბ.ჩანაწერი № 49795)

000 -LEADER
fixed length control field 00734nam a2200217Ia 4500
001 - CONTROL NUMBER
control field 16730
003 - CONTROL NUMBER IDENTIFIER
control field GE_BSU
008 - FIXED-LENGTH DATA ELEMENTS--GENERAL INFORMATION
fixed length control field 181216s||||||||xx |||||||||||||| ||und||
040 ## - CATALOGING SOURCE
Transcribing agency GE_BSU
080 ## - UNIVERSAL DECIMAL CLASSIFICATION NUMBER
Universal Decimal Classification number 821.161.1-32
100 ## - MAIN ENTRY--PERSONAL NAME
Personal name დოსტოევსკი, თ. (1821-1881)
245 ## - TITLE STATEMENT
Title ორეული ; მარადი ქმარი
245 ## - TITLE STATEMENT
Remainder of title მოთხრობები
245 ## - TITLE STATEMENT
Statement of responsibility, etc. თარგმნა ზ. კიკნაძემ. რედ.ლ.ალიმონაკი
260 ## - PUBLICATION, DISTRIBUTION, ETC.
Place of publication, distribution, etc. თბილისი
260 ## - PUBLICATION, DISTRIBUTION, ETC.
Name of publisher, distributor, etc. განათლება
260 ## - PUBLICATION, DISTRIBUTION, ETC.
Date of publication, distribution, etc. 1985
300 ## - PHYSICAL DESCRIPTION
Extent 287გვ. : ილ. ; 21სმ
653 ## - INDEX TERM--UNCONTROLLED
Uncontrolled term ორეული ; მარადი ქმარი
942 ## - ADDED ENTRY ELEMENTS (KOHA)
Koha item type წიგნი
ეგზემპლარები
Withdrawn status Lost status Damaged status Not for loan Date acquired Barcode Date last seen Price effective from Koha item type
        2018-12-17 21229 2018-12-17 2018-12-17 წიგნი
        2018-12-17 21230 2018-12-17 2018-12-17 წიგნი
        2018-12-17 21231 2018-12-17 2018-12-17 წიგნი
        2018-12-17 21232 2018-12-17 2018-12-17 წიგნი
        2018-12-17 21233 2018-12-17 2018-12-17 წიგნი